Escuela de Artes y Oficios Artísticos de Almería (Record no. 120764)

MARC details
000 -LEADER
campo de control de longitud fija 00646nam a2200181 4500
001 - NÚMERO DE CONTROL
campo de control 120764
003 - IDENTIFICADOR DE NÚMERO DE CONTROL
campo de control ES-MaACL
005 - FECHA Y HORA DE LA ÚLTIMA TRANSACCIÓN
campo de control 20230906191622.0
007 - CAMPO FIJO DE DESCRIPCIÓN FÍSICA--INFORMACIÓN GENERAL
campo de control de longitud fija t|
008 - DATOS DE LONGITUD FIJA--INFORMACIÓN GENERAL
campo de control de longitud fija 070214s1927 sp r ||||1| spa d
100 1# - ENTRADA PRINCIPAL--NOMBRE DE PERSONA
Nombre de persona Prados Benítez, Nicolás.
9 (RLIN) 93637
245 10 - MENCIÓN DEL TÍTULO
Título Escuela de Artes y Oficios Artísticos de Almería
Resto del título : Memoria del curso de 1926 - 27 /
Mención de responsabilidad, etc. elevada... por D. Nicolás Prados Benítez.
260 ## - PUBLICACIÓN, DISTRIBUCIÓN, ETC.
Lugar de publicación, distribución, etc. Almería :
Nombre del editor, distribuidor, etc. Sempere,
Fecha de publicación, distribución, etc. 1927.
300 ## - DESCRIPCIÓN FÍSICA
Extensión 30 p. ;
Dimensiones 22 cm.
610 2# - PUNTO DE ACCESO ADICIONAL DE MATERIA--NOMBRE DE ENTIDAD CORPORATIVA
Nombre de entidad corporativa o nombre de jurisdicción como elemento de entrada Escuela de Artes y Oficios de Almería-
Subdivisión de forma Memorias.
9 (RLIN) 148588
710 00 - ENTRADA AGREGADA--NOMBRE DE ENTIDAD CORPORATIVA
Nombre de entidad corporativa o nombre de jurisdicción como elemento de entrada Escuela de Artes y Oficios de Almería.
9 (RLIN) 3527
852 ## - LOCALIZACIÓN
Ubicación ES-MaACL
Número de control de estantería 1723-F-3
Holdings
Estatus retirado Estado de pérdida Estado de daño No para préstamo Colección Biblioteca de origen Biblioteca actual Ubicación en estantería Fecha de adquisición Fuente de adquisición Total de préstamos Signatura topográfica completa Código de barras Visto por última vez Precio de reemplazo Tipo de ítem Koha
        Colección de folletos Biblioteca del Ateneo de Madrid Biblioteca del Ateneo de Madrid Depósito folletos 17/01/2008     1723-F-3 1125872 23/02/2023 23/02/2023 Folleto